| 000 | 004980000a22001810004500 | ||
|---|---|---|---|
| 020 | _a0-671-22426-3 | ||
| 041 | 0 | _aENG | |
| 082 | 0 | 4 | _aG 616.8914 F8311u |
| 100 | 1 | _aFrankl, Viktor E. | |
| 245 | 1 | 0 | _aThe unconscious God : Psychotherapy and theology / Viktor E. Frankl |
| 260 | _aNew York, N.Y., USA : Simon and Schuster | ||
| 300 | _a161 Pag | ||
| 001 | 10449 | ||
| 942 | _cBK | ||
| 999 |
_c40000 _d40000 |
||
| 336 |
_atexto _btxt _2rdacontent |
||
| 337 |
_2rdamedia _asin mediación _bn |
||
| 338 |
_2rdacarrier _avolumen _bnc |
||